| 000 | 00554cam a2200157 4500500 | ||
|---|---|---|---|
| 005 | 20251012031724.0 | ||
| 041 | _afre | ||
| 042 | _adc | ||
| 100 | 1 | 0 |
_aBasile, Lise _eauthor |
| 700 | 1 | 0 |
_a Faguer, Nicolas _eauthor |
| 245 | 0 | 0 | _aInterview de Lise Basile, étudiante en L3 à l’Ircom (Angers) |
| 260 | _c2025. | ||
| 500 | _a75 | ||
| 786 | 0 | _nBulletin de l’Amitié Charles Péguy | 185 | 1 | 2025-05-13 | p. 61-62 | 0180-8567 | |
| 856 | 4 | 1 | _uhttps://shs.cairn.info/bulletin-de-l-amitie-charles-peguy-2025-1-page-61?lang=fr&redirect-ssocas=7080 |
| 999 |
_c1546337 _d1546337 |
||